| 000 | 01185cam a22001814a 4500 | ||
|---|---|---|---|
| 005 | 20250605163458.0 | ||
| 008 | 250528s ||||||||||||||||||||||||d | ||
| 035 | _a20175 | ||
| 040 |
_aGR-AtMCL _bgre _dGR-AtMCL _eAACR2 |
||
| 245 | 1 | _aThe American Political Science Review / Volume 75 | |
| 250 | _a75 | ||
| 260 |
_bAlpha Τράπεζα Πίστεως _bAmerican Political Science Association, _c1981 |
||
| 300 | _a336 | ||
| 520 | _aParty Systems and Political System Performance: Participation and Stability and Violence in Contemporary Democracies, Post-Materialism in an Environment of Insecurity, The Paradoxical Nature of State-Making: The Violence Creation of Order, America's Departments of State: Irregular and Regular Syndromes of Policy Making, Political Commentary on the History of Political Theory, The Decline of Political Partisanship in the United States: Negativity or Neutrality?, The 1928-1936 Patrisan Realignment: The Case for the Conversion Hypothesis, Understanding the Tax Revolt: Eight Explanations, Political Theory and Methodology, American Politics, Comparative Politics, International Politics, Index. | ||
| 942 | _cBK | ||
| 999 |
_c5312 _d5312 |
||